000 00936cam a22002414a 4500
005 20041101114942.0
008 040512s2005 njua 001 0 eng
010 _aENG-95627
020 _a9788120338487
_c175.00
035 _aEN-79160
037 _bDBAD/PUB
040 _aDPL
082 _a651.7
100 _aKaul, Asha
245 _aBusiness communication
_cby Asha Kaul
250 _a2nd ed.
260 _a New Delhi
_bPHI Learining p.Ltd
_c2009
300 _aviii, p.254 :
_c23 cm.(Pbk)
500 _aIncludes bibliographical reference and index.
942 _2ddc
_cEN
_mASH
_h651.7
999 _c32579
_d32579